| 000 | 00580aam a2200217 4500 | ||
|---|---|---|---|
| 005 | 20170220165618.0 | ||
| 008 | 150813b xxu||||| |||| 00| | spa d | ||
| 041 | _aspa | ||
| 082 | _a1.11.6 V145t | ||
| 100 |
_aValdez Becerra, Rafael _939950 |
||
| 100 |
_aGarcía Falcón, Arturo _939951 |
||
| 245 | _aTransporte aéreo y transporte terrestre | ||
| 260 | _aMéxico | ||
| 260 | _bLimusa | ||
| 260 | _c1986 | ||
| 300 | _a240 páginas | ||
| 650 |
_aTRANSPORTE TURÍSTICO _911935 |
||
| 650 |
_aTRANSPORTE ÁEREO _911936 |
||
| 650 |
_aTRANSPORTE TERRESTRE _921788 |
||
| 942 | _cBK | ||
| 999 |
_c7147 _d7147 |
||